Every Character In Percy Jackson And The Olympians By Letter-P - Statistics

General Stats
  • This quiz has been taken 10 times
  • The average score is 5 of 17
Answer Stats
Times Mentioned Answer % Correct
912 Percy Jackson
100%
279 Poseidon
67%
99 Pan
56%
85 Paul Blofis
56%
24 Persephone
44%
77 Polyphemus
33%
14 Pandora
22%
1 Paris
22%
10 Pollux
22%
55 Prometheus
22%
7 Peleus
11%
6 Phoebe
11%
2 Pleione
11%
7 Porkpie
11%
1 Palaemon
0%
17 Perdix
0%
1 Pompona
0%
No matching quizzes found
Score Distribution
Percent of People with Each Score
Percentile by Number Answered
Your Score History
You have not taken this quiz